000 00970nam a2200265 a 4500
001 000022014
005 20250711124154.0
008 100915s1974 mx ad r 000 0 spa d
040 _aDO-SdBNP
_bspa
_cBNPHU
082 _a371.26
_bK18m
100 1 _aKarmel, Louis J.
_945640
245 1 0 _aMedición y evaluación escolar /
_cLouis J. Karmel ; traducción Javier Aguilar V.
260 _aMéxico, D. F. :
_bCentro Regional de Ayuda Técnica,
_c1974.
300 _a546 p. :
_bil., diag. ;
_c23 cm.
500 _aIncluye índice de nombres.
500 _aIncluye glosario de términos.
500 _aIncluye test representativos.
500 _aIncluye índice analítico.
504 _aIncluye referencias bibliográficas y notas al pie de las páginas.
650 4 _aMediciones y pruebas educativas
_92223
650 0 _aEvaluación educativa
_917494
650 0 _aPlanificación educativa
_917484
700 1 _aAguilar V., Javier,
_etr.
_945641
049 _aBNGR
999 _c21512
_d21512